| 000 | 01243 a2200253 4500 | ||
|---|---|---|---|
| 001 | 13 | ||
| 005 | 20260407155402.0 | ||
| 008 | 260407a2002 arg spa d | ||
| 003 | AR-UNSa-BCEJYS | ||
| 040 |
_aAR-UNSa-BCEJYS _bspa _cAR-UNSa-BCEJYS |
||
| 080 |
_a330.101.541 _xMacroeconomía |
||
| 245 | 1 | 0 | _aMacroeconomía avanzada |
| 020 | _a978-84-481-3642-0 | ||
| 250 | _a2a. ed | ||
| 264 | 1 |
_aMadrid : _bMcGraw-Hill _c2002 |
|
| 300 |
_axxii, 629 p. _c24 cm. |
||
| 505 | _a1.El modelo de crecimiento de Solow - 2. Modelos de horizonte temporal infinito y de generaciones solapadas - 3. La nueva teoría del crecimiento - 4. La teoría del ciclo económico real - 5. Las teorías Keynesianas tradicionales sobre las fluctuaciones de la economía - 6. Fundamentos microeconómicos del ajuste nominal incompleto - 7. El consumo - 8. La inversión - 9. El desempleo - 10. La inflación y la política monetaria - 11. El déficit presupuestario y la política fiscal | ||
| 942 | _cBK | ||
| 590 | _aniveau_biblio:m niveau_hierar:0 | ||
| 100 | 1 | _aRomer, David | |
| 700 | 1 | _aTrinidad, Gloria | |
| 700 | 1 | _aFlamini, Esteban | |
| 856 | 4 | 1 |
_uhttps://biblioeco.unsa.edu.ar/pmb/images/libros/Macro economia avanzda-l87896.jpg _yImagen de portada _qimage/jpeg |
| 999 |
_c11 _d11 |
||